<?xml version="1.0" encoding="UTF-8"?><?xml-stylesheet type="text/xsl" href="static/style.xsl"?><OAI-PMH xmlns="http://www.openarchives.org/OAI/2.0/" xmlns:xsi="http://www.w3.org/2001/XMLSchema-instance" xsi:schemaLocation="http://www.openarchives.org/OAI/2.0/ http://www.openarchives.org/OAI/2.0/OAI-PMH.xsd"><responseDate>2026-06-29T23:01:33Z</responseDate><request verb="GetRecord" identifier="oai:riubu.ubu.es:10259/4337" metadataPrefix="marc">https://riubu.ubu.es/oai/request</request><GetRecord><record><header><identifier>oai:riubu.ubu.es:10259/4337</identifier><datestamp>2022-04-29T12:02:46Z</datestamp><setSpec>com_10259_4244</setSpec><setSpec>com_10259_5086</setSpec><setSpec>com_10259_2604</setSpec><setSpec>col_10259_4245</setSpec></header><metadata><record xmlns="http://www.loc.gov/MARC21/slim" xmlns:doc="http://www.lyncode.com/xoai" xmlns:xsi="http://www.w3.org/2001/XMLSchema-instance" xmlns:dcterms="http://purl.org/dc/terms/" xsi:schemaLocation="http://www.loc.gov/MARC21/slim http://www.loc.gov/standards/marcxml/schema/MARC21slim.xsd">
<leader>00925njm 22002777a 4500</leader>
<datafield tag="042" ind1=" " ind2=" ">
<subfield code="a">dc</subfield>
</datafield>
<datafield tag="720" ind1=" " ind2=" ">
<subfield code="a">Martínez Velasco, Rodrigo</subfield>
<subfield code="e">author</subfield>
</datafield>
<datafield tag="720" ind1=" " ind2=" ">
<subfield code="a">Sanz Díez, Mª Teresa</subfield>
<subfield code="e">author</subfield>
</datafield>
<datafield tag="720" ind1=" " ind2=" ">
<subfield code="a">Beltrán Calvo, Sagrario</subfield>
<subfield code="e">author</subfield>
</datafield>
<datafield tag="260" ind1=" " ind2=" ">
<subfield code="c">2013-02</subfield>
</datafield>
<datafield tag="520" ind1=" " ind2=" ">
<subfield code="a">Pervaporation experiments with PERVAP™4060 membrane have been performed to study its ability to concentrate some aroma compounds identified in the brown crab boiling juice from a model dilute aqueous solution. The effect of feed concentration, pervaporation temperature and permeate pressure on the pervaporation performance of the membrane has been analyzed. The results obtained with PERVAP™ 4060 membrane were compared with experiments performed in a previous work with a POMS/PEI membrane. Membrane material seems to be a key factor in the permeate aroma profile. The presence of non-volatile compounds, such as sodium chloride, in brown crab boiling juice slightly improves pervaporation performance in the concentration range studied in this work. Batch pervaporation experiments prove that the flavor loss percentage during long operation time is high, especially for the most volatile compounds. Additionally, it has been shown that pervaporation can be significantly improved by modifying the permeant circuit by means of two stage condensation step.</subfield>
</datafield>
<datafield tag="024" ind2=" " ind1="8">
<subfield code="a">0376-7388</subfield>
</datafield>
<datafield tag="024" ind2=" " ind1="8">
<subfield code="a">http://hdl.handle.net/10259/4337</subfield>
</datafield>
<datafield ind1=" " ind2=" " tag="653">
<subfield code="a">Volatile compounds</subfield>
</datafield>
<datafield ind1=" " ind2=" " tag="653">
<subfield code="a">Pervaporation</subfield>
</datafield>
<datafield ind1=" " ind2=" " tag="653">
<subfield code="a">Salt effect</subfield>
</datafield>
<datafield ind1=" " ind2=" " tag="653">
<subfield code="a">PDMS membrane</subfield>
</datafield>
<datafield tag="245" ind1="0" ind2="0">
<subfield code="a">Concentration by pervaporation of brown crab volatile compounds from dilute model solutions: Evaluation of PDMS membrane</subfield>
</datafield>
</record></metadata></record></GetRecord></OAI-PMH>